Hoá học đại cương 3 - thực hành trong phòng thí nghiệm Giáo trình cao đẳng Sư phạm

Bao gồm 24 bài thí nghiệm về một số vấn đề cơ bản nhất của chương trình hoá học đại cương

Tallennettuna:
Bibliografiset tiedot
Päätekijä: Hà Thị Ngọc Loan
Aineistotyyppi: Kirja
Kieli:Vietnamese
Julkaistu: H. Đại học Sư Phạm 2003
Aiheet:
Tagit: Lisää tagi
Ei tageja, Lisää ensimmäinen tagi!
Thư viện lưu trữ: Mạng thư viện Đại học Đà Nẵng
LEADER 01216nam a2200313 4500
001 000008498
003 4687
005 20111021151013.0
008 111018s2003 viesd
041 0 |a vie 
082 |a 540.072  |b HA-L 
100 0 |a Hà Thị Ngọc Loan 
245 0 |a Hoá học đại cương 3 - thực hành trong phòng thí nghiệm  |b Giáo trình cao đẳng Sư phạm  |c Hà Thị Ngọc Loan 
260 |a H.  |b Đại học Sư Phạm  |c 2003 
300 |a 231tr.  |c 24 cm 
520 |a Bao gồm 24 bài thí nghiệm về một số vấn đề cơ bản nhất của chương trình hoá học đại cương 
653 |a Thực hành trong phòng thí nghiệm 
653 |a Hóa đại cương 3 
910 |a Quang Huy  |d 18/10/2011 
OWN |a LSP 
AVA |a UDN50  |b LSP  |d 540.072 HA-L  |e available  |t Error 5001 Not defined in file expand_doc_bib_avail.  |f 3  |g 0  |h N  |i 0  |k 1 
999 |a From the UDN01 
AVA |a UDN50  |b LSP  |d 540.072 HA-L  |e available  |t Error 5001 Not defined in file expand_doc_bib_avail.  |f 3  |g 0  |h N  |i 0  |k 1 
TYP |a Monograph 
TYP |a Printed language 
980 |a Mạng thư viện Đại học Đà Nẵng